Tìm hiểu liễn đối Hán - Nôm trong các đình, chùa, miếu tỉnh Bình Dương

Gồm 5 phần. Ph.1: Khái quát về hoành phi, liễn đối Hán - Nôm trong các đình, chùa, miếu ở Bình Dương; Ph.2: Hoành phi, liễn đối Hán - Nôm trong các đình ở Bình Dương; Ph.3: Hoành phi, liễn đối Hán - Nôm trong các chùa của người Việt ở Bình Dư...

সম্পূর্ণ বিবরণ

সংরক্ষণ করুন:
গ্রন্থ-পঞ্জীর বিবরন
প্রধান লেখক: Huỳnh, Ngọc Đáng
অন্যান্য লেখক: Lê, Sơn
বিন্যাস: গ্রন্থ
ভাষা:Undetermined
প্রকাশিত: H. Chính trị quốc gia sự thật 2017
বিষয়গুলি:
অনলাইন ব্যবহার করুন:http://lrc.tdmu.edu.vn/opac/search/detail.asp?aID=2&ID=28603
ট্যাগগুলো: ট্যাগ যুক্ত করুন
কোনো ট্যাগ নেই, প্রথমজন হিসাবে ট্যাগ করুন!
Thư viện lưu trữ: Trung tâm Học liệu Trường Đại học Thủ Dầu Một
LEADER 01546nam a2200217Ia 4500
001 TDMU_28603
008 210410s9999 xx 000 0 und d
082 |a 895.922134 
090 |b H531 
100 |a Huỳnh, Ngọc Đáng 
245 0 |a Tìm hiểu liễn đối Hán - Nôm trong các đình, chùa, miếu tỉnh Bình Dương 
245 0 |c Huỳnh Ngọc Đáng (chủ biên), Nguyễn Văn Thủy, Lê Thị Hòe, Nguyễn Thị Lan và [nh.ng. khác];Lê Sơn (hđ.) 
260 |a H. 
260 |b Chính trị quốc gia sự thật 
260 |c 2017 
300 |a 1051tr. 
520 |a Gồm 5 phần. Ph.1: Khái quát về hoành phi, liễn đối Hán - Nôm trong các đình, chùa, miếu ở Bình Dương; Ph.2: Hoành phi, liễn đối Hán - Nôm trong các đình ở Bình Dương; Ph.3: Hoành phi, liễn đối Hán - Nôm trong các chùa của người Việt ở Bình Dương; Ph.4: Hoành phi, liễn đối Hán - Nôm trong các chùa của người Hoa ở Bình Dương; Ph.5: Hoành phi, liễn đối Hán - Nôm trong các đền thờ Mẫu ở Bình Dương 
650 |a Văn hóa Hán Nôm  |x Nghiên cứu  |z Bình Dương; Liễn đối Hán Nôm  |x Đình Chùa  |z Bình Dương 
700 |a Lê, Sơn 
856 |u http://lrc.tdmu.edu.vn/opac/search/detail.asp?aID=2&ID=28603 
980 |a Trung tâm Học liệu Trường Đại học Thủ Dầu Một